1950-1965 milletvekili ve 1961, 1964 Cumhuriyet Senatosu üye seçimleri sonuçları (Record no. 580)

MARC details
000 -BAŞLIK
Sabit Uzunlukta Kontrol Alanı 01118na a2200289 4500
001 - KONTROL NUMARASI
Denetim Alanı 14993
003 - KONTROL NUMARASI IDENTIFIER
Denetim Alanı MIRAKIL
005 - SON İŞLEM TARİHİ VE ZAMANI
Denetim Alanı 20181213154754.0
008 - SABİT-BOY VERİ ELEMANLARI - GENEL BİLGİLER
Sabit Uzunlukta Kontrol Alanı 160924b tu 000 0
035 ## - SİSTEM KONTROL NUMARASI
Sistem Kontrol Numarası 14993
040 ## - KATALOGLAMA KAYNAK
Orijinal Kataloglama Ajansı Milas
Kataloglama Dili tur
Metne Dönüştürmek Ajansı TR-AnCHP
082 ## - DEWEY ONLU SINIFLANDIRMA NUMARASI
Sınıflandırma Numarası 324.9 1950-1965
Ürün Numarası D53s 1966
090 ## - SINIFLAMA NUMARASI
Sınıflama Numarası 324.9 1950-1965 D53s 1966
110 ## - ANA GİRİŞ - KURUMSAL ADI
Giriş Elemanı Olarak Kurumsal Ad Veya Yargı Alanı Adı Devlet İstatistik Enstitüsü (DİE)
222 ## - ANAHTAR ADI
Anahtar Başlık Senato üyeleri seçimleri
245 ## - BAŞLIK TABLOSU
Başlık 1950-1965 milletvekili ve 1961, 1964 Cumhuriyet Senatosu üye seçimleri sonuçları
Sorumluluk Tablosu, Vb Devlet İstatistik Enstitüsü (DİE)
246 ## - UNVAN FORM VARYING
Başlık Doğru / Kısa Başlığı Milletvekili ve Cumhuriyet Senatosu üye seçimleri sonuçları
246 ## - UNVAN FORM VARYING
Başlık Doğru / Kısa Başlığı 1961 - 1964 Cumhuriyet Senatosu üye seçimleri sonuçları
246 ## - UNVAN FORM VARYING
Başlık Doğru / Kısa Başlığı 1950 - 1965 milletvekili genel sonuçları
260 ## - YAYIN, DAĞITIM, VB
Yayın, Dağıtım, Vb Yeri Ankara
Yayıncı, Dağıtıcı, Vs Adı Devlet İstatistik Enstitüsü (DİE)
Yayın, Dağıtım, Vb Tarihi 1966
300 ## - FİZİKSEL TANIM
Kapsam xxxvii, 1385 s.
Diğer Fiziksel Ayrıntıları tbl. , ktl. hrt.
Boyutlar 30 sm.
490 ## - SERİSİ TABLOSU
Seri Beyanı Devlet İstatistik Enstitüsü
Hacim / Ardışık Tanımı 513
610 ## - KONU KATMA GİRİŞ - TOPLANTI ADI
Giriş Elemanı Olarak Kurumsal Ad Veya Yargı Alanı Adı TBMM
Genel Alt Bölüm Seçimler
Kronolojik Alt Bölüm Tarih
650 ## - KONU KATMA GİRİŞ - TOPİKAL DÖNEM
Topikal Süreli Veya Coğrafi Ad Giriş Elemanı Seçimler
Kronolojik Alt Bölümü İstatistikler
Coğrafi Alt Bölümü Türkiye
651 ## - KONU KATMA GİRİŞ - COĞRAFİ ADI
Coğrafi İsim Türkiye
Genel Alt Bölümü Cumhuriyet Senatosu
Kronolojik Alt Bölümü Seçimler
942 ## - EKLENDİ GİRİŞ ELEMANLARI (KOHA)
Sınıflandırma Veya Raf Düzeni Kaynak Dewey Decimal Classification
Koha Öğesi Türü Books
999 ## - SİSTEM KONTROL NUMARALARI (KOHA)
Koha Biblionumber 580
Koha Biblioitemnumber 580
Holdings
Kalıcı Konum Mevcut Konum Edinme Tarihi Edinim Kaynak Toplam Check-Out'Lar Tam Çağrı Numarası Barkod Kontrol Edildi Tarih Son Görülme Tarihi Geçen Teslim İtibaren Geçerli Fiyatlar Koha Öğesi Türü
CHP Kütüphanesi CHP Kütüphanesi 09/02/2016 Bağış 1 324.9 1950-1965 D53s 1966 003686 02/16/2021 01/26/2021 01/26/2021 09/02/2016 Books